[Event "Cto Aragón Ajedrez Equipos DH Gr I"]
[Site "Aragon"]
[Date "2015.02.21"]
[Round "5.3"]
[White "Mimbela Lopez, Miguel A"]
[Black "Garza Marco, Sergio"]
[Result "0-1"]
[WhiteElo "2148"]
[BlackElo "2415"]
[PlyCount "78"]
[EventDate "2015.01.24"]
[WhiteTeam "Agrupacion"]
[BlackTeam "Jaime Casas"]

1. e4 d6 2. d4 g6 3. Nf3 Bg7 4. Be2 Nf6 5. Nc3 O-O 6. O-O c6 7. a4 Nbd7 8. a5
Qc7 9. Be3 e5 10. d5 cxd5 11. exd5 a6 12. Na4 e4 13. Ne1 Ne5 14. Nb6 Rb8 15. h3
Nfd7 16. Ra3 f5 17. Qc1 Nxb6 18. axb6 Qf7 19. f4 exf3 20. Nxf3 f4 21. Nxe5 Bxe5
22. Ra4 g5 23. Bf2 Bd7 24. Rb4 Rbe8 25. Bf3 Qg7 26. Qd1 Re7 27. Re1 Bf5 28. Rc4
Rfe8 29. Bh5 Bg6 30. Bg4 Bf7 31. Rce4 Kf8 32. c4 Bg6 33. R4e2 h5 34. Be6 Bf7
35. Bxf7 Kxf7 36. b4 g4 37. Re4 g3 38. Bxg3 Qxg3 39. Qxh5+ Qg6 0-1

[Event "Cto Aragón Ajedrez Equipos DH Gr I"]
[Site "Aragon"]
[Date "2015.02.21"]
[Round "5.4"]
[White "Rudolf, Anna"]
[Black "Carruez Berges, Santiago"]
[Result "1-0"]
[WhiteElo "2319"]
[BlackElo "2084"]
[PlyCount "35"]
[EventDate "2015.01.24"]
[WhiteTeam "Jaime Casas"]
[BlackTeam "Agrupacion"]

1. e4 e6 2. d4 d5 3. Nd2 Nc6 4. Ngf3 Nf6 5. e5 Nd7 6. Be2 Be7 7. O-O f6 8. exf6
Bxf6 9. Nb3 O-O 10. Be3 e5 11. dxe5 Ndxe5 12. Nxe5 Bxe5 13. c3 Be6 14. Nc5 Bf7
15. Nxb7 Qb8 16. Ba6 Nd8 17. Nc5 Qxb2 18. Na4 1-0

[Event "Cto Aragón Ajedrez Equipos DH Gr I"]
[Site "Aragon"]
[Date "2015.02.21"]
[Round "5.5"]
[White "Cebrian Valverde, Jose Antonio"]
[Black "Llanes Luno, Ricardo"]
[Result "1/2-1/2"]
[WhiteElo "2140"]
[BlackElo "2176"]
[PlyCount "111"]
[EventDate "2015.01.24"]
[WhiteTeam "San Jose"]
[BlackTeam "Delicias"]

1. d4 d5 2. c4 e6 3. Nc3 Nf6 4. Nf3 Be7 5. Bg5 h6 6. Bh4 O-O 7. e3 Nbd7 8. Rc1
c6 9. Bd3 Re8 10. O-O a6 11. a3 b5 12. cxd5 cxd5 13. Bb1 Bb7 14. Qd3 Ne4 15.
Bg3 f5 16. Bc7 Qxc7 17. Nxe4 Qb6 18. Ned2 Rac8 19. g4 g6 20. Kh1 Kh7 21. h4 Nf6
22. h5 Nxg4 23. hxg6+ Kg7 24. Kg2 b4 25. Rh1 Rxc1 26. Rxc1 bxa3 27. bxa3 Rc8
28. Bc2 Qa5 29. Qb3 Bc6 30. Bd3 Qxa3 31. Qxa3 Bxa3 32. Bxa6 Rc7 33. Rc2 Bd6 34.
Nh4 Bd7 35. Rxc7 Bxc7 36. Ndf3 Nf6 37. Nd2 Ng8 38. Nb3 Bd6 39. Nc5 Bxc5 40.
dxc5 Ne7 41. Nf3 Kf6 42. g7 Kxg7 43. Ne5 Bc8 44. Bb5 Kf6 45. f4 d4 46. exd4 Nd5
47. Kg3 Nc3 48. Bd3 Bb7 49. c6 Bc8 50. Nc4 Ke7 51. Nb6 Kd8 52. Bc4 Kc7 53. Nxc8
Kxc8 54. Bxe6+ Kc7 55. d5 Ne2+ 56. Kh4 1/2-1/2

[Event "Cto Aragón Ajedrez Equipos DH Gr I"]
[Site "Aragon"]
[Date "2015.02.21"]
[Round "5.6"]
[White "Roche Simon, Manuel Angel"]
[Black "Gutierrez Mingueza, Ruben"]
[Result "1/2-1/2"]
[WhiteElo "2144"]
[BlackElo "2076"]
[PlyCount "100"]
[EventDate "2015.01.24"]
[WhiteTeam "Delicias"]
[BlackTeam "San Jose"]

1. e4 c5 2. Nf3 Nc6 3. d4 cxd4 4. Nxd4 Nf6 5. Nc3 e5 6. Ndb5 d6 7. Bg5 a6 8.
Na3 b5 9. Nd5 Be7 10. Bxf6 Bxf6 11. c4 b4 12. Nc2 O-O 13. Bd3 Bg5 14. h4 Bh6
15. Qh5 Be6 16. g3 Rb8 17. b3 a5 18. O-O f6 19. f4 exf4 20. gxf4 Qd7 21. Nce3
Ne7 22. Rae1 Nxd5 23. cxd5 Bf7 24. Qf3 g6 25. Re2 Rbc8 26. Nc4 Rc5 27. Kh2 f5
28. exf5 Bxd5 29. Qg3 Bxc4 30. bxc4 Kh8 31. fxg6 hxg6 32. Qxg6 Qg7 33. Qxd6 Rh5
34. Qe7 Qxe7 35. Rxe7 Bxf4+ 36. Kh3 Rh6 37. c5 Rd8 38. Rxf4 Rxd3+ 39. Kg4 Rg6+
40. Kh5 Rg7 41. Rxg7 Kxg7 42. c6 Rd5+ 43. Kg4 Rc5 44. Rf5 Rc4+ 45. Kg5 a4 46.
Ra5 Rxc6 47. Ra7+ Kh8 48. Rxa4 Rc5+ 49. Kg6 Rc6+ 50. Kf5 Rb6 1/2-1/2

[Event "Cto Aragón Ajedrez Equipos DH Gr I"]
[Site "Aragon"]
[Date "2015.02.21"]
[Round "5.7"]
[White "Palomar Ramon, Santiago"]
[Black "Lamas Mercadal, Manuel"]
[Result "0-1"]
[WhiteElo "1949"]
[BlackElo "2127"]
[PlyCount "54"]
[EventDate "2015.01.24"]
[WhiteTeam "San Jose"]
[BlackTeam "Delicias"]

1. e4 c5 2. Nf3 d6 3. d4 cxd4 4. Nxd4 Nf6 5. Nc3 g6 6. Be3 Bg7 7. f3 Nc6 8. Qd2
O-O 9. O-O-O Nxd4 10. Bxd4 Be6 11. Nd5 Bxd5 12. exd5 Qd7 13. g4 Rac8 14. h4 Rc7
15. Kb1 Rfc8 16. Rc1 Qa4 17. Bxf6 Bxf6 18. c3 Rc5 19. g5 Be5 20. Bh3 R8c7 21.
Rcg1 Ra5 22. a3 Bxc3 23. bxc3 Rb5+ 24. Kc1 Qxa3+ 25. Kd1 Rb1+ 26. Ke2 Rb2 27.
Rc1 Rxc3 0-1

[Event "Cto Aragón Ajedrez Equipos DH Gr I"]
[Site "Aragon"]
[Date "2015.02.21"]
[Round "5.8"]
[White "Neila Castillo, Miguel Angel"]
[Black "Rubio Tello, Abel"]
[Result "1/2-1/2"]
[WhiteElo "2116"]
[BlackElo "1860"]
[PlyCount "73"]
[EventDate "2015.01.24"]
[WhiteTeam "Delicias"]
[BlackTeam "San Jose"]

1. c4 e5 2. Nc3 f5 3. g3 Nf6 4. Bg2 g6 5. d3 Bg7 6. Nf3 d6 7. O-O O-O 8. Rb1
Nc6 9. b4 h6 10. b5 Ne7 11. a4 Be6 12. a5 Nh5 13. e3 f4 14. exf4 exf4 15. Ne4
Qd7 16. Qe2 Bg4 17. Bb2 Bxb2 18. Qxb2 fxg3 19. fxg3 Rf7 20. Nd4 Raf8 21. Rxf7
Rxf7 22. Rf1 Rxf1+ 23. Bxf1 Bh3 24. Be2 Bg4 25. Bf1 Bh3 26. Qf2 Bxf1 27. Qxf1
Nf5 28. Nxf5 Qxf5 29. Qxf5 gxf5 30. Nc3 Nf6 31. Kg2 Kf7 32. Kf3 Ke6 33. h3 Ke5
34. Ne2 c5 35. bxc6 bxc6 36. d4+ Ke6 37. Nc3 1/2-1/2

[Event "Cto Aragón Ajedrez Equipos DH Gr I"]
[Site "Aragon"]
[Date "2015.02.21"]
[Round "5.10"]
[White "Luis Vitalla, Fernando"]
[Black "Dominguez Bujeda, Jesus"]
[Result "1/2-1/2"]
[WhiteElo "2143"]
[BlackElo "2135"]
[PlyCount "114"]
[EventDate "2015.01.24"]
[WhiteTeam "Club atletismo Huesca"]
[BlackTeam "Teruel"]

1. d4 d5 2. c4 e6 3. Nc3 Nf6 4. cxd5 exd5 5. Bg5 Be7 6. e3 c6 7. Bd3 O-O 8. Qc2
Nbd7 9. Nge2 Re8 10. O-O Nf8 11. f3 Qb6 12. Kh1 h6 13. Na4 Qc7 14. Bh4 Bd6 15.
Bf2 Qe7 16. Rae1 Be6 17. Ng3 Qc7 18. Re2 Rad8 19. a3 Bc8 20. b4 a6 21. Rc1 Ne6
22. Nf5 Ng5 23. Nxd6 Qxd6 24. Nc5 Ne6 25. a4 Nxc5 26. Qxc5 Qxc5 27. Rxc5 Nd7
28. Rc1 Nb6 29. b5 axb5 30. axb5 cxb5 31. Bxb5 Bd7 32. Bd3 Rc8 33. Rec2 Rxc2
34. Rxc2 Rc8 35. Rxc8+ Bxc8 36. e4 Kf8 37. Kg1 Bd7 38. Be1 Bc6 39. Bb4+ Ke8 40.
Kf2 Nc4 41. exd5 Bxd5 42. Be4 Bxe4 43. fxe4 g6 44. Ke2 Kd7 45. Kd3 Nb6 46. Bf8
h5 47. Bc5 Nc8 48. d5 f6 49. Bd4 Ke7 50. Bc5+ Kd7 51. Bd4 Ke7 52. Bc5+ Ke8 53.
Kc4 Kd7 54. Bd4 Nd6+ 55. Kd3 Ke7 56. h4 Ne8 57. Bc5+ Nd6 1/2-1/2

[Event "Cto Aragón Ajedrez Equipos DH Gr I"]
[Site "Aragon"]
[Date "2015.02.21"]
[Round "5.11"]
[White "Martin Catalan, Juan Vicente"]
[Black "Gella Lopez, Angel"]
[Result "1-0"]
[WhiteElo "2087"]
[BlackElo "2089"]
[PlyCount "107"]
[EventDate "2015.01.24"]
[WhiteTeam "Teruel"]
[BlackTeam "Club atletismo Huesca"]

1. d4 d5 2. Nf3 Nf6 3. Bf4 e6 4. e3 c5 5. c3 Nc6 6. Bd3 Nh5 7. Bg5 Be7 8. Bxe7
Qxe7 9. Ne5 Nf6 10. f4 O-O 11. Nd2 Nxe5 12. fxe5 Nd7 13. O-O f6 14. Qh5 g6 15.
Qh4 Qg7 16. exf6 Nxf6 17. Nf3 Bd7 18. Ne5 Bc6 19. Qh3 Rae8 20. Rf2 Nd7 21.
Rxf8+ Nxf8 22. Rf1 Re7 23. Ng4 Nd7 24. Qh4 e5 25. Bxg6 exd4 26. exd4 cxd4 27.
Nh6+ Kh8 28. Nf7+ Rxf7 29. Bxf7 dxc3 30. Qd8+ Qf8 31. Qxf8+ Nxf8 32. bxc3 Kg7
33. Bh5 Nd7 34. Be8 Nf6 35. Bxc6 bxc6 36. Rf3 Ne4 37. Re3 Kf6 38. c4 Ke5 39.
cxd5 cxd5 40. Ra3 d4 41. Ra5+ Kf4 42. Kf1 Ke3 43. Rxa7 d3 44. Re7 Kd4 45. Rxe4+
Kxe4 46. Ke1 Ke3 47. a4 Kd4 48. g4 Kc3 49. Kd1 Kb4 50. g5 Kxa4 51. h4 Kb3 52.
h5 Kc4 53. g6 hxg6 54. hxg6 1-0

[Event "Cto Aragón Ajedrez Equipos DH Gr I"]
[Site "Aragon"]
[Date "2015.02.21"]
[Round "5.12"]
[White "Laplaza Ara, Carlos"]
[Black "Marin Tolosa, Guillermo"]
[Result "1-0"]
[WhiteElo "1954"]
[BlackElo "1994"]
[PlyCount "103"]
[EventDate "2015.01.24"]
[WhiteTeam "Club atletismo Huesca"]
[BlackTeam "Teruel"]

1. d4 Nf6 2. Nf3 e6 3. g3 b6 4. Bg2 Bb7 5. O-O Be7 6. c4 O-O 7. Nc3 d6 8. Qc2
Nbd7 9. e4 e5 10. dxe5 dxe5 11. Rd1 Qb8 12. Bg5 Bd6 13. a3 h6 14. Bxf6 Nxf6 15.
Nd5 Bxd5 16. cxd5 b5 17. Nd2 Qb6 18. Rac1 g6 19. Nb3 Ng4 20. h3 Nf6 21. Qd2 Kg7
22. Rc6 Qb8 23. Nc5 Qe8 24. Rc1 Nd7 25. Na6 Nb6 26. Nxc7 Bxc7 27. Rxc7 Nc4 28.
Qc3 Rc8 29. Rxc8 Qxc8 30. Bf1 Qb8 31. Bxc4 bxc4 32. Qxc4 Qxb2 33. Qc5 Rb8 34.
Qc3 Qxc3 35. Rxc3 Rb7 36. Rc6 h5 37. a4 Kf8 38. h4 Ke8 39. Kg2 Kd7 40. Kf3 Rb3+
41. Ke2 Rb4 42. Ra6 Rxe4+ 43. Kf3 Rd4 44. Rxa7+ Kd6 45. Rxf7 Rxa4 46. Rf6+ Kxd5
47. Rxg6 Ra3+ 48. Kg2 Ke4 49. Rg5 Ra2 50. Rxh5 Kd4 51. Rh8 Ra3 52. g4 1-0

[Event "Cto Aragón Ajedrez Equipos DH Gr I"]
[Site "Aragon"]
[Date "2015.02.21"]
[Round "5.13"]
[White "Bailo Remacha, Santiago"]
[Black "Villuendas Valero, Adrian"]
[Result "0-1"]
[WhiteElo "2036"]
[BlackElo "2288"]
[PlyCount "86"]
[EventDate "2015.01.24"]
[WhiteTeam "El Olivar B"]
[BlackTeam "St. Casablanca B"]

1. Nf3 d5 2. d4 Nf6 3. g3 c6 4. Bg2 Bf5 5. O-O e6 6. b3 Be7 7. Nbd2 h6 8. Bb2
O-O 9. Qe1 Bxc2 10. Ne5 Nbd7 11. e4 dxe4 12. Nxe4 Bxe4 13. Bxe4 Nxe4 14. Qxe4
Nf6 15. Qe2 Qd5 16. Rac1 Rfd8 17. h4 Qe4 18. Qc4 Rd5 19. Rfe1 Qf5 20. Qe2 Qh3
21. Qf3 Rad8 22. Rc2 Bd6 23. Nc4 Ng4 24. Re4 h5 25. Ne3 Nxe3 26. Qxe3 Bc7 27.
Qf3 Bb6 28. Rc4 c5 29. Rf4 R8d7 30. b4 Bc7 31. Re4 cxb4 32. Rxb4 b5 33. a4 bxa4
34. Rxa4 Bb6 35. Qc3 Qf5 36. Rf4 Qb1+ 37. Kg2 Rc7 38. Qb3 Qc2 39. Qb4 Rf5 40.
Rxf5 Qxf5 41. Bc3 Qe4+ 42. Kh2 Qf3 43. Ra2 Qxc3 0-1

[Event "Cto Aragón Ajedrez Equipos DH Gr I"]
[Site "Aragon"]
[Date "2015.02.21"]
[Round "5.14"]
[White "Gimenez Martinez, Alberto"]
[Black "Bayod Rubia, Angel"]
[Result "1-0"]
[WhiteElo "2158"]
[BlackElo "2010"]
[PlyCount "105"]
[EventDate "2015.01.24"]
[WhiteTeam "St. Casablanca B"]
[BlackTeam "El Olivar B"]

1. e4 e5 2. Bc4 Nc6 3. Nc3 Nf6 4. d3 Be7 5. f4 d6 6. Nf3 O-O 7. O-O exf4 8.
Bxf4 Na5 9. Bb3 Nxb3 10. axb3 Bg4 11. h3 Bh5 12. g4 Bg6 13. Nh4 Nd7 14. Nf5
Bxf5 15. gxf5 Bg5 16. Kh2 Bxf4+ 17. Rxf4 c6 18. Qf3 Kh8 19. Rg1 g5 20. Qg3 f6
21. Rf2 Qe7 22. Kh1 Rg8 23. Qe3 a6 24. Ne2 Raf8 25. Nd4 Rf7 26. Rfg2 h5 27. h4
g4 28. Ne6 Nf8 29. Nf4 Rh7 30. Re1 Qg7 31. Qd4 Qe7 32. Qe3 Qg7 33. Rg3 Qe7 34.
d4 Rgg7 35. c4 Qd8 36. Qc3 Kg8 37. Rge3 Rh8 38. Kg2 Rf7 39. Kg3 Qb8 40. b4 Nd7
41. Kg2 Rhh7 42. Ng6 Rhg7 43. c5 Nf8 44. Nxf8 Rxf8 45. Qc4+ Kh7 46. Qe6 dxc5
47. bxc5 Qf4 48. Qd6 Qxd6 49. cxd6 Rd7 50. e5 Kg8 51. Kg3 Kg7 52. Kf4 Rdf7 53.
e6 1-0

[Event "Cto Aragón Ajedrez Equipos DH Gr I"]
[Site "Aragon"]
[Date "2015.02.21"]
[Round "5.15"]
[White "Correas Marcen, Jose Maria"]
[Black "Cortes Lizano, Jesus"]
[Result "0-1"]
[WhiteElo "2001"]
[BlackElo "2128"]
[PlyCount "92"]
[EventDate "2015.01.24"]
[WhiteTeam "El Olivar B"]
[BlackTeam "St. Casablanca B"]

1. b3 d5 2. Bb2 Nf6 3. Nf3 h6 4. g3 Bf5 5. Bg2 e6 6. O-O Be7 7. d3 O-O 8. Nbd2
a5 9. Re1 a4 10. a3 axb3 11. cxb3 Bh7 12. e4 c6 13. e5 Nfd7 14. d4 c5 15. Nf1
Nc6 16. dxc5 Nxc5 17. Re3 Qb6 18. Nd4 Rfc8 19. Nxc6 Qxc6 20. Rc1 Qb5 21. Rec3
Rd8 22. a4 Nxa4 23. bxa4 Qxb2 24. Rb3 Qxe5 25. Rxb7 Bf6 26. Ne3 Bg6 27. Ng4 Qf5
28. Bf1 Qe4 29. Bb5 h5 30. f3 Qf5 31. Nf2 h4 32. Bd3 Qg5 33. Bxg6 Qxg6 34. g4
Qg5 35. Nh3 Qe3+ 36. Kg2 Qe5 37. f4 Qe4+ 38. Qf3 Rxa4 39. Qxe4 Rxe4 40. Kf3 Ra4
41. f5 Ra3+ 42. Kg2 Ra2+ 43. Nf2 exf5 44. gxf5 Be5 45. f6 Bxh2 46. fxg7 Bg3 0-1

[Event "Cto Aragón Ajedrez Equipos DH Gr I"]
[Site "Aragon"]
[Date "2015.02.21"]
[Round "5.16"]
[White "Arregui Untoria, Carlos"]
[Black "Arinez Bruna, Octavio"]
[Result "1/2-1/2"]
[WhiteElo "2072"]
[BlackElo "1979"]
[PlyCount "80"]
[EventDate "2015.01.24"]
[WhiteTeam "St. Casablanca B"]
[BlackTeam "El Olivar B"]

1. d4 Nf6 2. c4 c5 3. d5 e6 4. Nc3 exd5 5. cxd5 d6 6. Nf3 g6 7. g3 Bg7 8. Bg2
O-O 9. O-O Re8 10. Nd2 a6 11. a4 Nbd7 12. h3 Rb8 13. Nc4 Ne5 14. Na3 Qe7 15.
Re1 h6 16. f4 Ned7 17. e4 Nh5 18. Kh2 f5 19. Be3 Nhf6 20. Bf2 fxe4 21. Bxe4 Qf7
22. Nc4 Bf8 23. Qd3 Kg7 24. a5 b5 25. axb6 Nxb6 26. Na5 Nxe4 27. Nxe4 Nxd5 28.
Nxd6 Bxd6 29. Rxe8 Qxe8 30. Qxd5 Qe2 31. Qxd6 Qxf2+ 32. Kh1 Qf3+ 33. Kg1 Qxg3+
34. Kh1 Qxh3+ 35. Kg1 Qg3+ 36. Kh1 Qf3+ 37. Kg1 Qg3+ 38. Kh1 Qh3+ 39. Kg1 Qg3+
40. Kh1 Qf3+ (40... Qf3+ 41. Kg1 Qe3+ 42. Kh1 Be6 43. Qc7+ Bf7 44. Qe5+ Qxe5
45. fxe5 Rxb2) 1/2-1/2

[Event "Cto Aragón Equipos DH Gr II"]
[Site "Aragon"]
[Date "2015.02.21"]
[Round "5.17"]
[White "Del Rey, Diego"]
[Black "Gavin Roche, Enrique"]
[Result "1-0"]
[WhiteElo "2390"]
[BlackElo "2264"]
[PlyCount "99"]
[EventDate "2015.01.24"]
[WhiteTeam "El Olivar"]
[BlackTeam "ONCE Aragon"]

1. Nf3 d5 2. g3 c6 3. Bg2 Bg4 4. O-O Nd7 5. d3 Ngf6 6. Nbd2 e6 7. h3 Bxf3 8.
Nxf3 Bc5 9. Qe1 O-O 10. e4 dxe4 11. dxe4 Qc7 12. Kh1 a5 13. a4 Qb6 14. Nd2 Rfe8
15. Qe2 Qa6 16. Qxa6 Rxa6 17. Nb3 Bb6 18. Bd2 Nc5 19. Nxc5 Bxc5 20. Bc3 Raa8
21. Rad1 Kf8 22. f4 Bb6 23. Be5 Bc5 24. Rd3 Red8 25. Rfd1 Ke7 26. Bc3 Bb6 27.
Bf3 Ne8 28. Kg2 f6 29. Kf1 Nc7 30. Be1 Rxd3 31. Rxd3 Bc5 32. Ke2 Ra7 33. g4 e5
34. fxe5 Ne6 35. exf6+ gxf6 36. Bg3 Bd4 37. Kf1 Bxb2 38. Bb8 Ra8 39. Bd6+ Kf7
40. Rb3 Be5 41. Rxb7+ Kg6 42. Ba3 Nd4 43. Bd1 Kg5 44. Bc1+ Kg6 45. h4 f5 46.
gxf5+ Nxf5 47. exf5+ Kxf5 48. Rxh7 Rb8 49. Bd2 Rb1 50. Rh5+ 1-0

[Event "Cto Aragón Equipos DH Gr II"]
[Site "Aragon"]
[Date "2015.02.21"]
[Round "5.18"]
[White "Laliena Solanes, Luis"]
[Black "Chueca Forcen, Alberto"]
[Result "1-0"]
[WhiteElo "2150"]
[BlackElo "2305"]
[PlyCount "107"]
[EventDate "2015.01.24"]
[WhiteTeam "ONCE Aragon"]
[BlackTeam "El Olivar"]

1. e4 e5 2. Nf3 Nc6 3. Nc3 Nf6 4. Bb5 Bc5 5. O-O O-O 6. Nxe5 Nxe5 7. d4 Bd6 8.
f4 Nc6 9. e5 Bb4 10. d5 Qe7 11. exf6 Qc5+ 12. Kh1 Bxc3 13. bxc3 Qxb5 14. dxc6
dxc6 15. Ba3 Re8 16. Be7 Qd5 17. Qe1 Qf5 18. Qh4 Qg4 19. Qf2 Be6 20. h3 Qf5 21.
Qh4 Bd5 22. c4 Be4 23. Rae1 gxf6 24. Bxf6 Re6 25. Be5 Rg6 26. Rf2 Re8 27. Kh2
Bxg2 28. Rxg2 f6 29. Rxg6+ hxg6 30. Bc3 Qxc2+ 31. Kg1 Rxe1+ 32. Qxe1 Kf7 33.
Qd2 Qb1+ 34. Kh2 g5 35. Qd7+ Kg6 36. f5+ Qxf5 37. Qxf5+ Kxf5 38. a4 b6 39. a5
Kf4 40. Bxf6 bxa5 41. Bd8 a4 42. Bxc7+ Ke4 43. Bd8 Kf5 44. Be7 Ke4 45. Bxg5 a3
46. Bc1 a2 47. Bb2 c5 48. Kg3 Kf5 49. Kf3 a5 50. h4 a4 51. h5 a3 52. Ba1 Kg5
53. Ke4 Kxh5 54. Kd5 1-0

[Event "Cto Aragón Equipos DH Gr II"]
[Site "Aragon"]
[Date "2015.02.21"]
[Round "5.19"]
[White "Hernando Garcia, Antonio"]
[Black "Ferrer Echavarri, Fco Javier"]
[Result "1/2-1/2"]
[WhiteElo "2176"]
[BlackElo "1953"]
[PlyCount "80"]
[EventDate "2015.01.24"]
[WhiteTeam "El Olivar"]
[BlackTeam "ONCE Aragon"]

1. Nf3 d5 2. c4 Nf6 3. cxd5 Nxd5 4. Nc3 e6 5. g3 c5 6. Bg2 Be7 7. O-O Nc6 8. d4
cxd4 9. Nxd5 exd5 10. Nxd4 Bf6 11. Be3 O-O 12. Rc1 Nxd4 13. Bxd4 Be6 14. e3 b6
15. Rc2 Bxd4 16. Qxd4 Qd7 17. Rfc1 Rac8 18. Rxc8 Rxc8 19. Rxc8+ Qxc8 20. Bxd5
Bxd5 21. Qxd5 g6 22. b3 Kg7 23. e4 Qc2 24. a4 Qc3 25. Kg2 a5 26. h4 h5 27. Qc4
Qe5 28. f4 Qb2+ 29. Kf3 Qa1 30. Qd3 Qh1+ 31. Ke2 Qg2+ 32. Kd1 Qg1+ 33. Kc2 Qf2+
34. Qd2 Qxg3 35. Qd4+ Kh7 36. Qf6 Qf2+ 37. Kc3 Qe1+ 38. Kb2 Qd2+ 39. Ka3 Qb4+
40. Ka2 Qd2+ 1/2-1/2

[Event "Cto Aragón Equipos DH Gr II"]
[Site "Aragon"]
[Date "2015.02.21"]
[Round "5.20"]
[White "Sanz Lopez, Ruben"]
[Black "Melendez Fierro, Juan Bautista"]
[Result "0-1"]
[WhiteElo "1936"]
[BlackElo "2139"]
[PlyCount "105"]
[EventDate "2015.01.24"]
[WhiteTeam "ONCE Aragon"]
[BlackTeam "El Olivar"]

1. d4 e6 2. e3 f5 3. g3 Nf6 4. Bg2 d5 5. Nf3 Bd6 6. O-O b6 7. b3 Qe7 8. c4 Ne4
9. Qc2 O-O 10. a4 Na6 11. Ba3 Bb7 12. Ne5 c5 13. Nd3 Rac8 14. f3 Nf6 15. Nd2
cxd4 16. Bxd6 Qxd6 17. exd4 dxc4 18. Nxc4 Qxd4+ 19. Kh1 Nc5 20. Nde5 Ncd7 21.
Nxd7 Qxd7 22. Rad1 Qe7 23. Qb2 Rfd8 24. Qe5 Rd5 25. Rxd5 Bxd5 26. Nd6 Qc7 27.
f4 Ne4 28. Nxc8 Qxc8 29. Qb2 Qc5 30. b4 Qe3 31. Qc2 h5 32. Bf3 Nxg3+ 33. hxg3
Bxf3+ 34. Kh2 Be2 35. Qc1 Qd4 36. Rg1 Bf3 37. Qc8+ Kh7 38. Qc2 h4 39. Re1 Be4
40. Qe2 hxg3+ 41. Kxg3 g6 42. Rd1 Qc3+ 43. Kf2 Qh3 44. Rd7+ Kh6 45. Ke1 Qg3+
46. Qf2 Qc3+ 47. Kf1 Qc1+ 48. Ke2 Qc4+ 49. Ke1 Qxb4+ 50. Qd2 Qb1+ 51. Kf2 Qh1
52. Rxa7 Qf3+ 53. Kg1 0-1

[Event "Cto Aragón Equipos DH Gr II"]
[Site "Aragon"]
[Date "2015.02.21"]
[Round "5.21"]
[White "Fernandez Rubio, Rafael"]
[Black "Cerrajeria Ruiz, Jesus Maria"]
[Result "0-1"]
[WhiteElo "2114"]
[BlackElo "2163"]
[PlyCount "164"]
[EventDate "2015.01.24"]
[WhiteTeam "Tauste"]
[BlackTeam "Helios"]

1. e4 c5 2. Nf3 Nc6 3. Nc3 g6 4. Bc4 Bg7 5. O-O a6 6. a4 d6 7. h3 Nf6 8. d3 O-O
9. Be3 Bd7 10. d4 cxd4 11. Nxd4 Rc8 12. Bb3 Na5 13. f3 Nc4 14. Bxc4 Rxc4 15.
Qe2 Qc7 16. Rfd1 Rc8 17. a5 e5 18. Nb3 Be6 19. Bb6 Qe7 20. Qd3 R8c6 21. Rac1
Bh6 22. Be3 Bxe3+ 23. Qxe3 Nh5 24. Rd2 Nf4 25. Rcd1 Qg5 26. Kh1 Qh6 27. g3 Bxh3
28. gxf4 exf4 29. Qf2 Rxc3 30. bxc3 Rxc3 31. Nd4 Rc5 32. Nf5 Bxf5+ 33. Qh2
Qxh2+ 34. Kxh2 Be6 35. Rb1 d5 36. e5 Rxa5 37. Rxb7 Rc5 38. Rb4 Rc4 39. Rxc4
dxc4 40. Rd6 a5 41. Ra6 g5 42. Rxa5 Kg7 43. c3 Kg6 44. Kg2 Kf5 45. Kf2 h5 46.
Kg2 g4 47. Rb5 Bc8 48. Kf2 Be6 49. Kg2 g3 50. Rb8 Kg6 51. Rh8 Bf5 52. Rg8+ Kh6
53. Rh8+ Kg5 54. Rg8+ Bg6 55. Rc8 h4 56. Rxc4 Bf5 57. Rc7 h3+ 58. Kg1 h2+ 59.
Kg2 Be6 60. Rc5 Kf5 61. Kh1 Bb3 62. e6+ Kxe6 63. Rh5 Bd5 64. Kg2 Bc6 65. Rh8
Bb5 66. Rh5 Bd3 67. Rh8 Bc2 68. Rh4 Ke5 69. Rh5+ f5 70. Rh8 Kd5 71. Rh4 Ke5 72.
Rh8 Bd3 73. Rh4 Kd5 74. Rxf4 Bf1+ 75. Kh1 Ke5 76. Rh4 Kf6 77. Rh8 Kg5 78. Rf8
Kf4 79. Ra8 Kxf3 80. Ra2 Be2 81. c4 Kf2 82. Rxe2+ Kxe2 0-1

[Event "Cto Aragón Equipos DH Gr II"]
[Site "Aragon"]
[Date "2015.02.21"]
[Round "5.22"]
[White "Aparicio Navarro, Pedro"]
[Black "Sierra Aguerri, Joaquin"]
[Result "0-1"]
[WhiteElo "2154"]
[BlackElo "2053"]
[PlyCount "54"]
[EventDate "2015.01.24"]
[WhiteTeam "Helios"]
[BlackTeam "Tauste"]

1. Nf3 d5 2. g3 Nf6 3. Bg2 Bf5 4. O-O e6 5. d3 Be7 6. c4 c6 7. b3 O-O 8. Nbd2
a5 9. Bb2 a4 10. Re1 a3 11. Bc3 h6 12. e4 Bh7 13. e5 Nfd7 14. d4 dxc4 15. bxc4
Na6 16. Qb3 b5 17. cxb5 cxb5 18. Qxb5 Nc7 19. Qe2 Nd5 20. Rac1 N7b6 21. Ba1 Nb4
22. Ne4 Qd5 23. Nfg5 hxg5 24. Nf6+ gxf6 25. Bxd5 N6xd5 26. Red1 Rac8 27. Rc4
Bd3 0-1

[Event "Cto Aragón Equipos DH Gr II"]
[Site "Aragon"]
[Date "2015.02.21"]
[Round "5.23"]
[White "Bogomilov Georgiev, Georgi Ii"]
[Black "Navarro Alonso, Jorge"]
[Result "0-1"]
[WhiteElo "2015"]
[BlackElo "2145"]
[PlyCount "67"]
[EventDate "2015.01.24"]
[WhiteTeam "Tauste"]
[BlackTeam "Helios"]

1. d4 d5 2. c4 e6 3. cxd5 exd5 4. Nc3 c6 5. Nf3 Be7 6. Qc2 Nf6 7. Bg5 O-O 8. e3
Ne4 9. Nxe4 dxe4 10. Bxe7 Qxe7 11. Ne5 Nd7 12. Nxd7 Bxd7 13. Be2 Be6 14. O-O
Bd5 15. Bc4 Rad8 16. Rac1 Rfe8 17. a3 a6 18. b4 Qg5 19. Rfd1 Rd6 20. Bf1 h5 21.
a4 f5 22. g3 h4 23. b5 axb5 24. axb5 hxg3 25. hxg3 Rh6 26. b6 f4 27. exf4 Qh5
28. Bg2 e3 29. fxe3 Qh2+ 30. Kf1 Qxg3 31. Qf2 Bxg2+ 32. Qxg2 Qxe3 33. d5 Qxf4+
34. Kg1 0-1

[Event "Cto Aragón Equipos DH Gr II"]
[Site "Aragon"]
[Date "2015.02.21"]
[Round "5.24"]
[White "Munoz Munoz, Juan Carlos"]
[Black "Sancho Casale, Jesus"]
[Result "1/2-1/2"]
[WhiteElo "2055"]
[BlackElo "1980"]
[PlyCount "113"]
[EventDate "2015.01.24"]
[WhiteTeam "Helios"]
[BlackTeam "Tauste"]

1. d4 g6 2. Nf3 Bg7 3. c4 c5 4. g3 cxd4 5. Nxd4 Nc6 6. Nxc6 dxc6 7. Qc2 Nf6 8.
Bg2 Qa5+ 9. Bd2 Qh5 10. Nc3 Bh3 11. Bf3 Qc5 12. Na4 Qe5 13. Bf4 Qa5+ 14. Bd2
Qc7 15. O-O-O O-O 16. Nc5 Bf5 17. Qb3 b6 18. Na6 Qb7 19. Nb4 Rac8 20. Nd3 Ng4
21. Bxg4 Bxg4 22. f3 Be6 23. Nc5 Bxc4 24. Nxb7 Bxb3 25. axb3 Rb8 26. Nd6 exd6
27. Bf4 Be5 28. Bxe5 dxe5 29. Rd7 Rfd8 30. Rxa7 Rd6 31. Rd1 Rbd8 32. Rxd6 Rxd6
33. Re7 Rd5 34. Kc2 Kg7 35. e4 Kf6 36. Rc7 Rc5+ 37. Kd3 b5 38. b4 Rc1 39. b3
Rd1+ 40. Kc3 Rd6 41. h4 h5 42. f4 Ke6 43. Rc8 exf4 44. gxf4 Kd7 45. Ra8 Rf6 46.
Ra7+ Kc8 47. f5 gxf5 48. e5 Re6 49. Kd4 f6 50. exf6 Rxf6 51. Ke5 Rg6 52. Kxf5
Rg4 53. Ke6 Kb8 54. Rh7 Rxh4 55. Kd6 Rxb4 56. Kxc6 Rxb3 57. Rxh5 1/2-1/2

[Event "Cto Aragón Equipos DH Gr II"]
[Site "Aragon"]
[Date "2015.02.21"]
[Round "5.25"]
[White "Adla, Diego"]
[Black "Donoso Sanchez, Alejandro"]
[Result "1-0"]
[WhiteElo "2469"]
[BlackElo "2218"]
[PlyCount "83"]
[EventDate "2015.01.24"]
[WhiteTeam "St. Casablanca"]
[BlackTeam "CMU Cerbuna"]

1. e4 c5 2. Nf3 e6 3. d4 cxd4 4. Nxd4 a6 5. c4 Nf6 6. Nc3 Bb4 7. Qd3 Nc6 8.
Nxc6 dxc6 9. Qxd8+ Kxd8 10. e5 Ne4 11. a3 Bxc3+ 12. bxc3 Nxc3 13. a4 Ne4 14.
Be3 f6 15. Bd3 Ng5 16. Bd4 Ke7 17. O-O-O fxe5 18. Bxe5 Nf7 19. Bxg7 Rg8 20. Bd4
Rxg2 21. Bxh7 e5 22. Rde1 Kf6 23. Be4 Rg8 24. Bc3 Bf5 25. f4 Bxe4 26. fxe5+ Ke6
27. Rxe4 Rg2 28. Rf1 c5 29. Rf6+ Ke7 30. Rb6 Rd8 31. Rxb7+ Ke8 32. Re3 Rg1+ 33.
Kc2 Rg2+ 34. Kb3 Rd1 35. Rc7 Ng5 36. e6 Rd6 37. Bf6 Rb6+ 38. Ka3 Nxe6 39. Re7+
Kf8 40. R7xe6 Rb4 41. Bc3 Rxc4 42. Rf3+ 1-0

[Event "Cto Aragón Equipos DH Gr II"]
[Site "Aragon"]
[Date "2015.02.21"]
[Round "5.26"]
[White "Gella Bitrian, Diego"]
[Black "Glavina, Pablo"]
[Result "0-1"]
[WhiteElo "2033"]
[BlackElo "2418"]
[PlyCount "40"]
[EventDate "2015.01.24"]
[WhiteTeam "CMU Cerbuna"]
[BlackTeam "St. Casablanca"]

1. e4 e5 2. Bc4 Nf6 3. d3 Nc6 4. Nc3 Bc5 5. Bg5 h6 6. Bh4 d6 7. Nd5 g5 8. Bg3
Nxd5 9. Bxd5 Ne7 10. Bb3 Ng6 11. c3 Qf6 12. Qf3 Qe7 13. O-O-O h5 14. h3 g4 15.
Qe2 h4 16. d4 Bb6 17. dxe5 hxg3 18. exd6 Qg5+ 19. Kb1 gxf2 20. Qd3 Ne5 0-1